MARC details
| 000 -CABECERA |
| campo de control de longitud fija |
02823nmm a22004337a 4500 |
| 003 - IDENTIFICADOR DEL NÚMERO DE CONTROL |
| campo de control |
CHAP |
| 005 - FECHA Y HORA DE LA ÚLTIMA TRANSACCIÓN |
| campo de control |
20240611080359.0 |
| 007 - CAMPO FIJO DE DESCRIPCIÓN FÍSICA--INFORMACIÓN GENERAL |
| campo de control de longitud fija |
co ag aaaaa |
| 008 - DATOS DE LONGITUD FIJA--INFORMACIÓN GENERAL |
| campo de control de longitud fija |
000411s1997 mx b d o 10 spa d |
| 010 ## - NÚMERO DE CONTROL DE LA BIBLIOTECA DEL CONGRESO |
| Número de control de LC |
80806 |
| 011 ## - ENLACE DEL NUMERO DE CONTROL DE LA BIBLIOTECA DEL CONGRESO [OBSOLETO] |
| Número de control de LC |
81778 |
| 020 ## - NÚMERO INTERNACIONAL ESTÁNDAR DEL LIBRO |
| Número Internacional Estándar del Libro |
9701318110 |
| 035 ## - NÚMERO DE CONTROL DEL SISTEMA |
| Número de control de sistema |
92258 |
| 040 ## - FUENTE DE LA CATALOGACIÓN |
| Centro/agencia transcriptor |
CHAP |
| 041 ## - CÓDIGO DE LENGUA |
| Código de lengua del texto/banda sonora o título independiente |
spa |
| 090 ## - LOCALMENTE ASIGNADO TIPO-LC NÚMERO DE CLASIFICACIÓN (OCLC); NÚMERO DE CLASIFICACIÓN LOCAL (RLIN) |
| Número de clasificación (OCLC) (R) ; Numero de clasificación, CALL (RLIN) (NR) |
CD-32 |
| 110 ## - ENTRADA PRINCIPAL--NOMBRE DE ENTIDAD CORPORATIVA |
| Nombre de entidad corporativa o nombre de jurisdicción como elemento de entrada |
Instituto Nacional de Estadística, Geografía e Informática. México |
| 9 (RLIN) |
59304 |
| 245 #0 - MENCIÓN DE TÍTULO |
| Título |
Carta edafológica : |
| Resto del título |
cobertura nacional 1:1,000.00 serie 1 |
| Mención de responsabilidad, etc. |
/por Instituto Nacional de Estadística, Geografía e Informática |
| Medio |
[disco compacto] |
| 260 ## - PUBLICACIÓN, DISTRIBUCIÓN, ETC. |
| Lugar de publicación, distribución, etc. |
México, D.F. : |
| Nombre del editor, distribuidor, etc. |
Instituto Nacional de Estadística, Geografía e Informática, |
| Fecha de publicación, distribución, etc. |
1997. |
| 300 ## - DESCRIPCIÓN FÍSICA |
| Extensión |
1 disco compacto (CD) : |
| Dimensiones |
4 3/4 plgs.(12 cm.) |
| Otras características físicas |
mapas. |
| Material acompañante/anejo |
+ 1 Instructivo. |
| 336 ## - TIPO DE CONTENIDO |
| Fuente |
rdacontent |
| Término de tipo de contenido |
conjunto de datos cartográficos |
| Código de tipo de contenido |
crd |
| 337 ## - TIPO DE MEDIO |
| Fuente |
rdamedia |
| Nombre/término del tipo de medio |
ordenador |
| Código del tipo de medio |
c |
| 338 ## - TIPO DE SOPORTE |
| Fuente |
rdacarrier |
| Nombre/término del tipo de soporte |
disco de computadora |
| Código del tipo de soporte |
cd |
| 516 ## - NOTA DE TIPO DE ARCHIVO DE ORDENADOR O DE DATOS |
| Nota de tipo de archivo de ordenador o de datos |
Numéricos (Estadísticas, resumidas). |
| 520 ## - SUMARIO, ETC. |
| Sumario, etc. |
En este disco compacto forma parte de la Serie I de la colección mencionada y contiene la Carta Edafológica Escala 1: 1 000 000 editada originalmente en 1981 y 1982. Para consultar información más actualizada, el usuario puede acudir a los Centros de información INEGI, ubicados en las 32 entidades federativas del país, en los domicilios que aparecen en este cuadernillo. En las imágenes de la Carta Edafológica Escala 1: 1 000 000, se muestra la distribución geográfica de las unidades de suelo más representativa, sus fases físicas y químicas y su clase textural. Las unidades de suelo se clasifican de acuerdo con el Sistema FAO/UNESCO de 1968 modificado por el INEGI´en 1970. |
| 538 ## - NOTA DE DETALLES DEL SISTEMA |
| Nota de detalles del sistema |
Requerimiento de Equipo : Computadora personal con procesador 80386 ó superior. Windows 3.1 ó superior. Paquete para edición de imágenes que acepte formato BMP (para las imágenes de inspección); en cuyo caso se requiere un espacio de trabajo en disco duro de 30 MB. Paquete para procesamiento de imágenes o sistema de información geográfica que acepte archivos TIFF comprimidos con el método LZW (para imágenes de resolución completa); en cuyo caso se requiere un espacio de trabajo en disco duro de 120 MB. 8Mb de memoria RAM. Unidad lectora de Disco Compacto (CD-ROM). Ratón. Monitor VGA. |
| 546 ## - NOTA DE LENGUA/LENGUAJE |
| Nota de lengua/lenguaje |
Texto en español. |
| 590 ## - NOTA LOCAL (RLIN) |
| Nota local |
BATCH-UPD |
| Procedencia (VM) [OBSOLETO] |
10 |
| Condición del los carretes individuales (VM) [OBSOLETO] |
20130110 |
| 590 ## - NOTA LOCAL (RLIN) |
| Nota local |
BATCH-UPD |
| Procedencia (VM) [OBSOLETO] |
10 |
| Condición del los carretes individuales (VM) [OBSOLETO] |
20130410 |
| 590 ## - NOTA LOCAL (RLIN) |
| Nota local |
BATCH-UPD |
| Procedencia (VM) [OBSOLETO] |
10 |
| Condición del los carretes individuales (VM) [OBSOLETO] |
20130914 |
| 590 ## - NOTA LOCAL (RLIN) |
| Nota local |
CONVERSION |
| Procedencia (VM) [OBSOLETO] |
10 |
| Condición del los carretes individuales (VM) [OBSOLETO] |
20130109 |
| 650 14 - PUNTO DE ACCESO ADICIONAL DE MATERIA--TÉRMINO DE MATERIA |
| Término de materia o nombre geográfico como elemento de entrada |
Suelos |
| Subdivisión general |
Clasificación |
| -- |
México. |
| 9 (RLIN) |
110254 |
| 650 14 - PUNTO DE ACCESO ADICIONAL DE MATERIA--TÉRMINO DE MATERIA |
| Término de materia o nombre geográfico como elemento de entrada |
Suelos |
| Subdivisión general |
Mapas. |
| 9 (RLIN) |
110427 |
| 901 ## - ELEMENTOS DE DATOS A LOCAL LDA (RLIN) |
| a |
BK |
| 905 ## - ELEMENTOS DE DATOS E LOCAL, LDE (RLIN) |
| a |
Mayto Villalobos S. |
| 942 ## - ELEMENTOS DE PUNTO DE ACCESO ADICIONAL (KOHA) |
| Tipo de ítem Koha |
CD |
| Fuente del sistema de clasificación o colocación |
Dewey Decimal Classification |
| 949 ## - PROCESAMIENTO DE INFORMACIÓN LOCAL (OCLC) |
| a |
CD-32 |
| b |
BC |
| c |
CD |
| d |
33724000757456 |
| e |
CD |
| f |
c.2 |
| i |
92258 |
| s |
b |
| 949 ## - PROCESAMIENTO DE INFORMACIÓN LOCAL (OCLC) |
| a |
CD-32 |
| b |
BC |
| c |
CD |
| d |
33724000777710 |
| e |
CD |
| i |
92258 |
| s |
b |